[Event "Novi Ligure op 1st"]
[Site "Novi Ligure"]
[Date "2006.10.15"]
[Round "4"]
[White "Bronzo, Vito"]
[Black "Brigati, Alessandro"]
[Result "1/2-1/2"]
[WhiteElo "1873"]
[BlackElo "2130"]
[PlyCount "102"]
[EventDate "2006.10.13"]
[EventType "swiss"]
[EventRounds "5"]
[EventCountry "ITA"]
[SourceTitle "EXT 2007"]
[Source "ChessBase"]
[SourceDate "2006.11.23"]
[SourceVersion "1"]
[SourceVersionDate "2006.11.23"]
[SourceQuality "1"]

1. f4 d5 2. Nf3 Nf6 3. e3 e6 4. b3 c5 5. Bb2 Nc6 6. Bb5 Bd7 7. Bxc6 Bxc6 8. Ne5 Rc8 9. 0-0 Be7 10. Na3 0-0 11. c4 b6 12. Nb5 Bxb5 13. cxb5 Qe8 14. Qe2 Rc7 15. a4 Nd7 16. Qg4 f5 17. Qg3 Bf6 18. Rac1 Bxe5 19. fxe5 Qh5 20. Rf3 Rfc8 21. Ba3 h6 22. Rcf1 Kh7 23. d4 cxd4 24. exd4 Rc2 25. Bb4 Ra2 26. Bc3 Rc2 27. Qe1 Qg4 28. R1f2 Rxf2 29. Kxf2 g5 30. h3 Qh4+ 31. Kf1 Qe4 32. Re3 Qc2 33. Bd2 Kg7 34. g3 Nf8 35. h4 Ng6 36. h5 Nh8 37. Kg1 Nf7 38. g4 f4 39. Rf3 Qe4 40. Qxe4 dxe4 41. Rc3 Rxc3 42. Bxc3 Kf8 43. b4 Ke7 44. a5 Kd7 45. Kf2 Nd8 46. Ke2 Nb7 47. a6 Nd8 48. Be1 Nf7 49. Bd2 Ke7 50. Be1 Kd7 51. Kd2 Ke7 1/2-1/2

[Event "Novi Ligure op 1st"]
[Site "Novi Ligure"]
[Date "2006.10.13"]
[Round "1"]
[White "Tartaglino, Fabio"]
[Black "Bronzo, Vito"]
[Result "0-1"]
[WhiteElo "1434"]
[BlackElo "1873"]
[PlyCount "58"]
[EventDate "2006.10.13"]
[EventType "swiss"]
[EventRounds "5"]
[EventCountry "ITA"]
[SourceTitle "EXT 2007"]
[Source "ChessBase"]
[SourceDate "2006.11.23"]
[SourceVersion "1"]
[SourceVersionDate "2006.11.23"]
[SourceQuality "1"]

1. e4 d6 2. d4 Nf6 3. Nc3 c6 4. g3 Qc7 5. Bg2 e5 6. Nge2 Be7 7. 0-0 0-0 8. Qd3 Na6 9. a3 Bg4 10. h3 Bh5 11. g4 Bg6 12. Ng3 d5 13. Be3 Rfd8 14. Nf5 dxe4 15. Bxe4 Nc5 16. dxc5 Rxd3 17. Bxd3 Bxf5 18. Bxf5 Nd5 19. Nxd5 cxd5 20. b4 e4 21. g5 Bxg5 22. Bxh7+ Kxh7 23. Bxg5 Qe5 24. h4 f6 25. Bd2 Qh5 26. Bc3 Qg4+ 27. Kh2 Qxh4+ 28. Kg1 Qg4+ 29. Kh2 Kg6 0-1